| 000 | 01311cam a22003254a 4500 | ||
|---|---|---|---|
| 001 | 11809780 | ||
| 005 | 20170105102856.0 | ||
| 008 | 991014s2000 enk b 001 0 eng | ||
| 010 | _a 99053559 | ||
| 020 | _a0312229577 (cloth) | ||
| 040 |
_aDLC _cDLC _dDLC |
||
| 042 | _apcc | ||
| 050 | 0 | 0 |
_aJZ1318 _b.G583 2000 |
| 082 | 0 | 0 |
_a327.1/7 _221 |
| 100 | 1 | _aSassen, Saskia | |
| 245 | 0 | 0 |
_aGlobalization and its discontents / _cby Saskia Sassen |
| 260 |
_aHoundmills, Basingstoke, Hampshire : _bThe new press ; _aNew York : _bSt. Martin's Press, _c2000. |
||
| 300 |
_axvi, 237 p. ; _c23 cm. |
||
| 504 | _aIncludes bibliographical references and index. | ||
| 650 | 0 | _aGlobalization. | |
| 650 | 0 | _aInternational relations. | |
| 700 | 1 |
_aMcBride, Stephen, _d1947- |
|
| 700 | 1 |
_aWiseman, John Richard, _d1957- |
|
| 856 | 4 | 2 |
_3Contributor biographical information _uhttp://www.loc.gov/catdir/bios/hol058/99053559.html |
| 856 | 4 | 2 |
_3Publisher description _uhttp://www.loc.gov/catdir/description/hol057/99053559.html |
| 856 | 4 | 1 |
_3Table of contents _uhttp://www.loc.gov/catdir/toc/hol053/99053559.html |
| 906 |
_a7 _bcbc _corignew _d1 _eocip _f19 _gy-gencatlg |
||
| 942 |
_2ddc _cBK |
||
| 999 |
_c14477 _d14477 |
||